|
|
|
|
| LEADER |
00000nam0a2200000 4500 |
| 001 |
372109 |
| 005 |
20231101050020.0 |
| 010 |
|
|
|a 5283020118
|
| 035 |
|
|
|a (RuTPU)RU\TPU\retro\29530
|
| 035 |
|
|
|a RU\TPU\book\79347
|
| 090 |
|
|
|a 372109
|
| 100 |
|
|
|a 20221214d1991 km y0rusy50 ca
|
| 101 |
0 |
|
|a rus
|
| 102 |
|
|
|a RU
|
| 105 |
|
|
|a a z 001zy
|
| 200 |
1 |
|
|a Экономия электроэнергии в насосных установках
|f Б. С. Лезнов
|
| 210 |
|
|
|a Москва
|c Энергоатомиздат
|d 1991
|
| 215 |
|
|
|a 142 с.
|c ил.
|
| 225 |
1 |
|
|a Экономия топлива и электроэнергии
|
| 320 |
|
|
|a Библиогр.: с. 140-142.
|
| 610 |
1 |
|
|a насосные установки
|
| 610 |
1 |
|
|a электроэнергия
|
| 610 |
1 |
|
|a экономия
|
| 610 |
1 |
|
|a топливо
|
| 610 |
1 |
|
|a потери
|
| 610 |
1 |
|
|a регулирование
|
| 675 |
|
|
|a 621.65.004
|v 3
|
| 700 |
|
1 |
|a Лезнов
|b Б. С.
|g Борис Семенович
|
| 801 |
|
1 |
|a RU
|b 63413507
|c 20050303
|g PSBO
|
| 801 |
|
2 |
|a RU
|b 63413507
|c 20221214
|g PSBO
|
| 942 |
|
|
|c BK
|